Les livres de Sarah J.Maas - Statistiques

Statistiques générales
  • Ce quiz a été pris 47 fois
  • Le résultat moyen est 5 sur 15
Statistiques - réponses
Hint Réponse % Correct
Série un palais d'épines et de roses Un palais d'épines et de roses
93%
Un palais de colère et de brume
60%
Série Keleana L'assassineuse
50%
Un palais de flammes d'argent
45%
Un palais de cendres et de ruines
38%
La reine sans couronne
33%
La tour de l'aube
28%
Un palais de glace et de lumière
28%
La reine des ombres
25%
L'héritière du feu
25%
L'empire des tempêtes
20%
Série Crescent city Maison de la terre et du sang
18%
Maison de la flamme et de l'ombre
13%
Maison du ciel et du souffle
13%
Hors série Catwoman
8%
Aucun quiz correspondant
Distribution des résultats
% des personnes avec chaque résultat
Percentile par nombre de réponses
Votre historique - résultats
Vous n’avez pas pris ce quiz